01122nas a2200325 4500001001300000003000900013005001700022007000300039008003400042040005400076041000900130072000800139100002000147100001900167100001900186100001900205245012500224650001400349650001200363650001900375650001800394650001500412650002300427650002900450773009700479909004000576942001800616999001900634952014300653BR2016004432BR-BrBNA20231205130746.0ta230509b bl.|||p| |||| 00| 00por d aBR-BrBNAbporcBiblioteca Nacional de Agricultura a(En) aF031 aPaula, S. de O.1 aSousa, J.A. de1 aBrito, E.S. de1 aGallão, M.I.1 aThe morphological characterization of the dry seeds and reserve mobilization during germination in Morinda citrifolia L. aRUBIACEAE aSEMENTE aGERMINAÇÃO aÁCIDO GRAXO aPROTEÍNA aMORFOLOGIA VEGETAL aCOMPOSIÇÃO QUÍMICA0 tRevista Ciência Agronômica (Brazil)xISSN 0045-6888g, v. 47(3) p. 556-563wBR2016004432 a202311bLúciac55dLúcia Elande 2AGRISn0cANA c251062d251062 002AGRIS4071a41918b41918cPeriódicos Agrícolash, v. 47(3) p. 556-563l0r2023-11-29t01yCRePortaria Interministerial nº 164/94